[Event "2014 Alberta Open"]
[Site "Calgary"]
[Date "2014.10.11"]
[Round "2.20"]
[White "Robertson, Trevor"]
[Black "Sasata, Anastasia"]
[Result "1-0"]
[WhiteElo "1571"]
[BlackElo "684"]
[PlyCount "91"]
[EventDate "2014.10.11"]
[EventType "swiss"]
[EventRounds "6"]
[EventCountry "CAN"]

1. d4 d5 2. c4 Nf6 3. e3 Bf5 4. Nc3 c6 5. Nf3 Nbd7 6. cxd5 cxd5 7. Bd3 Bg4 8.
h3 Bh5 9. O-O Qb8 10. a3 Rg8 11. b4 g5 12. Bf5 e6 13. Bg4 Nxg4 14. hxg4 Bxg4
15. e4 Nf6 16. exd5 exd5 17. Qe2+ Kd8 18. Qd3 h6 19. Ne5 Qc7 20. Bd2 a6 21.
Rac1 Qe7 22. Rfe1 Be6 23. Na4 Ne4 24. Nc5 f6 25. Nf3 g4 26. Nh4 g3 27. Nxe4
dxe4 28. Qxe4 gxf2+ 29. Kxf2 Qf7 30. g3 Bd6 31. Bf4 Bxf4 32. Qxf4 f5 33. Rxe6
Qxe6 34. Qc7+ Ke8 35. Re1 Qxe1+ 36. Kxe1 Rg4 37. Nxf5 Re4+ 38. Kf2 Rd8 39. Nd6+
Rxd6 40. Qxd6 Re7 41. Qxh6 Rf7+ 42. Ke3 Re7+ 43. Kd3 Rf7 44. Qe6+ Re7 45. Qxe7+
Kxe7 46. Ke4 1-0

[Event "2014 Alberta Open"]
[Site "Calgary"]
[Date "2014.10.12"]
[Round "3.2"]
[White "Kostadinov, Georgi"]
[Black "Rekhson, Vladislav"]
[Result "1/2-1/2"]
[WhiteElo "2205"]
[BlackElo "2254"]
[PlyCount "77"]
[EventDate "2014.10.11"]
[EventType "swiss"]
[EventRounds "6"]
[EventCountry "CAN"]

1. d4 Nf6 2. c4 e6 3. Nf3 d5 4. g3 c6 5. Bg2 Be7 6. O-O O-O 7. Qc2 Nbd7 8. b3
Ne4 9. Nc3 f5 10. Bf4 Bb4 11. Nxe4 fxe4 12. Ng5 Nf6 13. c5 Nh5 14. Nh3 Nxf4 15.
Nxf4 Qf6 16. a3 Ba5 17. Rad1 Bc7 18. f3 Bxf4 19. gxf4 Qxf4 20. fxe4 Qe3+ 21.
Kh1 Bd7 22. Qd3 Qxd3 23. Rxd3 Rxf1+ 24. Bxf1 Rf8 25. Kg1 Rf4 26. Bg2 Be8 27. e3
Rh4 28. exd5 exd5 29. b4 Bg6 30. Rc3 Be4 31. Bxe4 Rxe4 32. a4 a6 33. Rb3 Kf7
34. b5 axb5 35. axb5 g5 36. Kf2 h5 37. Rd3 Re7 38. h3 Ke6 39. Ra3 1/2-1/2

[Event "2014 Alberta Open"]
[Site "Calgary"]
[Date "2014.10.12"]
[Round "3.3"]
[White "Gardner, Robert"]
[Black "Willis, Bradley"]
[Result "1-0"]
[WhiteElo "2244"]
[BlackElo "2004"]
[PlyCount "97"]
[EventDate "2014.10.11"]
[EventType "swiss"]
[EventRounds "6"]
[EventCountry "CAN"]

1. d4 d6 2. e4 Nf6 3. Nc3 g6 4. Be3 c6 5. Qd2 h6 6. f3 Bg7 7. Bd3 b6 8. Nce2
Na6 9. h3 Bb7 10. f4 c5 11. Ng3 h5 12. e5 Nd5 13. Be4 h4 14. N3e2 c4 15. Nf3
Qd7 16. Bf2 Bh6 17. Bxd5 Bxd5 18. Nxh4 Qc6 19. Rg1 dxe5 20. dxe5 O-O-O 21. Nd4
Qb7 22. O-O-O Nc5 23. Qe3 Ne4 24. g3 Qa6 25. Kb1 c3 26. Nb3 Nd2+ 27. Rxd2 cxd2
28. Rd1 e6 29. Nf3 Bxb3 30. axb3 Qb7 31. Nd4 Qd5 32. c4 Qd7 33. Ka2 Bf8 34. Nb5
Bc5 35. Qf3 Qb7 36. Qxb7+ Kxb7 37. Bxc5 bxc5 38. Nd6+ Rxd6 39. exd6 Rxh3 40.
Rxd2 Rh8 41. b4 cxb4 42. Kb3 a5 43. c5 Rd8 44. Kc4 Kc6 45. b3 Rd7 46. Rh2 Rb7
47. Rh8 a4 48. Ra8 a3 49. Ra6+ 1-0

[Event "2014 Alberta Open"]
[Site "Calgary"]
[Date "2014.10.12"]
[Round "3.5"]
[White "Ng, Gary"]
[Black "Razzaq, Ali"]
[Result "1-0"]
[WhiteElo "2249"]
[BlackElo "1969"]
[PlyCount "87"]
[EventDate "2014.10.11"]
[EventType "swiss"]
[EventRounds "6"]
[EventCountry "CAN"]

1. b4 e5 2. Bb2 Bxb4 3. Bxe5 Nf6 4. c3 Bc5 5. d4 Bb6 6. e3 d5 7. Bd3 Nbd7 8.
Bg3 O-O 9. Nd2 Qe7 10. a4 Ba5 11. Qc2 Ne4 12. Bxe4 dxe4 13. Nb3 Qg5 14. Nh3 Qf5
15. f3 Nf6 16. O-O Be6 17. c4 Bb4 18. d5 Bd7 19. Nd4 Qg6 20. Nf4 Qg5 21. Rab1
a5 22. fxe4 Rfe8 23. Nf3 Qh6 24. e5 Ng4 25. Qe4 b6 26. h3 f5 27. Qc2 Nxe5 28.
Nxe5 Rxe5 29. Nd3 Qxe3+ 30. Kh2 Qe2 31. Qxe2 Rxe2 32. Bxc7 Rc8 33. Bxb6 Bd6+
34. Kg1 Rxc4 35. Bxa5 Rxa4 36. Bb4 Raa2 37. Bxd6 Rxg2+ 38. Kh1 g5 39. Rb8+ Kg7
40. Rb7 f4 41. Rxd7+ Kh6 42. Bf8+ Kg6 43. Nxf4+ gxf4 44. Rg7+ 1-0

[Event "2014 Alberta Open"]
[Site "Calgary"]
[Date "2014.10.12"]
[Round "3.6"]
[White "Shi, Diwen"]
[Black "Cheng, Louis"]
[Result "1-0"]
[WhiteElo "2208"]
[BlackElo "2151"]
[PlyCount "87"]
[EventDate "2014.10.11"]
[EventType "swiss"]
[EventRounds "6"]
[EventCountry "CAN"]

1. e4 c5 2. Nc3 Nc6 3. f4 e6 4. Nf3 Nh6 5. Bb5 Qc7 6. O-O Nd4 7. Nxd4 cxd4 8.
Ne2 Qc5 9. Bd3 d5 10. e5 Bd7 11. a4 b5 12. b4 Qc7 13. axb5 Bxb4 14. Bb2 Bc5 15.
Ra4 O-O 16. Bxd4 Qb6 17. Kh1 Bxb5 18. Bxc5 Qxc5 19. Ra5 a6 20. Qa1 Rab8 21. Nd4
g6 22. Rb1 Ng4 23. Bxb5 Nf2+ 24. Kg1 Ne4 25. Rxa6 Nxd2 26. Rc6 Qe7 27. Rd1 Ne4
28. Bd3 Ra8 29. Qb2 Rfb8 30. Rb6 Qa7 31. Rxb8+ Rxb8 32. Qa1 Qc5 33. Bxe4 dxe4
34. Kf2 Kg7 35. Ke3 Rc8 36. Qb2 g5 37. g3 Qa5 38. fxg5 Rc3+ 39. Kf4 Qc5 40. Qb7
Rf3+ 41. Nxf3 Qxc2 42. Rd2 Qc1 43. Qxe4 Qf1 44. Kg4 1-0

[Event "2014 Alberta Open"]
[Site "Calgary"]
[Date "2014.10.12"]
[Round "3.8"]
[White "Badulescu, Dan"]
[Black "Robichaud, Martin"]
[Result "0-1"]
[WhiteElo "1856"]
[BlackElo "2193"]
[PlyCount "92"]
[EventDate "2014.10.11"]
[EventType "swiss"]
[EventRounds "6"]
[EventCountry "CAN"]

1. e4 e6 2. f4 d5 3. e5 c5 4. d4 cxd4 5. Nf3 Nc6 6. a3 Qa5+ 7. Nbd2 Nh6 8. Bd3
Ng4 9. O-O Ne3 10. Qe2 Nxf1 11. Nxf1 h6 12. g4 Be7 13. Ng3 Bd7 14. Kf2 Nb4 15.
Bd2 Nxd3+ 16. cxd3 Qb6 17. b4 O-O-O 18. a4 Kb8 19. a5 Qa6 20. f5 Bb5 21. Ra3 g6
22. f6 Bf8 23. Nxd4 h5 24. g5 h4 25. Nf1 Rh5 26. h3 Rc8 27. Nh2 Bd6 28. Nhf3 b6
29. Qe1 bxa5 30. Rxa5 Qb6 31. Qb1 Bc5 32. Qb2 Qb7 33. Bc3 Bb6 34. Qa3 Bxa5 35.
bxa5 Rhh8 36. a6 Rxc3 37. Qxc3 Qxa6 38. Qb4 Qb7 39. Qe7 Ba4 40. Qd6+ Ka8 41.
Nxe6 fxe6 42. Qxe6 Bd7 43. Qf7 Rc8 44. Ke3 Qc6 45. Qxg6 Qc1+ 46. Kd4 Qc5# 0-1

[Event "2014 Alberta Open"]
[Site "Calgary"]
[Date "2014.10.12"]
[Round "3.9"]
[White "Daniluk, Jim"]
[Black "Lee, Nicholas"]
[Result "1/2-1/2"]
[WhiteElo "2084"]
[BlackElo "1750"]
[PlyCount "68"]
[EventDate "2014.10.11"]
[EventType "swiss"]
[EventRounds "6"]
[EventCountry "CAN"]

1. d4 Nf6 2. Nf3 g6 3. c4 Bg7 4. g3 c5 5. Bg2 cxd4 6. Nxd4 Nc6 7. Nxc6 bxc6 8.
Nc3 Bb7 9. O-O d5 10. cxd5 cxd5 11. Qa4+ Qd7 12. Qxd7+ Kxd7 13. Rd1 e6 14. e4
Rac8 15. exd5 Nxd5 16. Nxd5 Bxd5 17. Bxd5 exd5 18. Rxd5+ Ke6 19. Ra5 Bd4 20.
Be3 Bxe3 21. fxe3 Rhd8 22. Rf1 Rd2 23. Rf2 Rc1+ 24. Kg2 Rxf2+ 25. Kxf2 Rc2+ 26.
Kf3 Rxb2 27. Ra6+ Ke5 28. Rxa7 Rxh2 29. a4 f5 30. Ra5+ Kf6 31. e4 fxe4+ 32.
Kxe4 Ke6 33. Ra6+ Kd7 34. a5 Ke7 1/2-1/2

[Event "2014 Alberta Open"]
[Site "Calgary"]
[Date "2014.10.12"]
[Round "3.10"]
[White "Wu, Chenxi"]
[Black "Gold, Itohan"]
[Result "0-1"]
[WhiteElo "1668"]
[BlackElo "2031"]
[PlyCount "80"]
[EventDate "2014.10.11"]
[EventType "swiss"]
[EventRounds "6"]
[EventCountry "CAN"]

1. e4 c5 2. Nf3 d6 3. d4 cxd4 4. Nxd4 Nf6 5. Nc3 a6 6. g3 e5 7. Nde2 Bg4 8. Bg2
Nbd7 9. h3 Be6 10. f4 exf4 11. Nxf4 Be7 12. O-O O-O 13. Ncd5 Bxd5 14. Nxd5 Nxd5
15. Qxd5 Qb6+ 16. Kh2 Nf6 17. Qb3 Qxb3 18. axb3 Rac8 19. c3 Rc7 20. Bf4 Nd7 21.
Rad1 Ne5 22. Rd5 f6 23. Be3 b5 24. Ra1 Rc6 25. Kh1 g6 26. h4 Ng4 27. Bd4 h5 28.
c4 bxc4 29. bxc4 Rxc4 30. Bf1 Rc2 31. Rxa6 Rfc8 32. Ra7 Kf8 33. b4 Rc1 34. Kg1
Rb1 35. b5 Rcc1 36. b6 Rxf1+ 37. Kg2 Rh1 38. Kf3 Rb3+ 39. Be3 Rxe3+ 40. Kg2
Ree1 0-1

[Event "2014 Alberta Open"]
[Site "Calgary"]
[Date "2014.10.12"]
[Round "3.11"]
[White "Karmali, Hafiz"]
[Black "Wang, Jeff"]
[Result "1-0"]
[WhiteElo "2031"]
[BlackElo "1589"]
[PlyCount "92"]
[EventDate "2014.10.11"]
[EventType "swiss"]
[EventRounds "6"]
[EventCountry "CAN"]

1. e4 e5 2. f4 Bc5 3. Nf3 d6 4. Bc4 Nc6 5. d3 Nf6 6. Nc3 O-O 7. Na4 Bb4+ 8. c3
Ba5 9. b4 Bb6 10. Nxb6 axb6 11. O-O Be6 12. Qb3 Qe7 13. f5 Bxc4 14. Qxc4 Na7
15. Bg5 b5 16. Qb3 Nc8 17. a4 bxa4 18. Rxa4 Rxa4 19. Qxa4 Nb6 20. Qa7 h6 21.
Bxf6 Qxf6 22. Qxb7 Qe7 23. Ra1 g6 24. Ra7 Rc8 25. Qxb6 cxb6 26. Rxe7 Rxc3 27.
Rd7 Rxd3 28. Nxe5 Rd4 29. Nxf7 gxf5 30. Nxh6+ Kf8 31. exf5 Rxb4 32. f6 Re4 33.
Rxd6 b5 34. Rd8+ Re8 35. Rxe8+ Kxe8 36. Kf2 b4 37. Ke3 b3 38. Kd2 b2 39. Kc2
b1=Q+ 40. Kxb1 Kf8 41. g4 Ke8 42. g5 Kf8 43. g6 Ke8 44. g7 Kd7 45. g8=Q Kd6 46.
f7 Ke5 1-0

[Event "2014 Alberta Open"]
[Site "Calgary"]
[Date "2014.10.12"]
[Round "3.15"]
[White "Stacey, George"]
[Black "Koperski, Dustin"]
[Result "0-1"]
[WhiteElo "1052"]
[BlackElo "1703"]
[PlyCount "54"]
[EventDate "2014.10.11"]
[EventType "swiss"]
[EventRounds "6"]
[EventCountry "CAN"]

1. d4 Nf6 2. Bf4 e6 3. e3 d5 4. c3 c5 5. Nd2 Be7 6. Bd3 Nc6 7. Ngf3 O-O 8. h3
h6 9. Qe2 Bd6 10. Ne5 Re8 11. O-O Qc7 12. Ndf3 Nd7 13. Nxd7 Bxd7 14. Bxd6 Qxd6
15. e4 cxd4 16. e5 Qc5 17. Rac1 dxc3 18. Rxc3 Qb6 19. a3 Rac8 20. Rb1 Nd4 21.
Nxd4 Qxd4 22. Rxc8 Rxc8 23. Kh1 a6 24. g3 Qc5 25. Qd2 d4 26. Kg2 Qxe5 27. Re1
Qd6 0-1

[Event "2014 Alberta Open"]
[Site "Calgary"]
[Date "2014.10.12"]
[Round "3.16"]
[White "Sklenka, Steve"]
[Black "Wang, Paul"]
[Result "1-0"]
[WhiteElo "1537"]
[BlackElo "1068"]
[PlyCount "51"]
[EventDate "2014.10.11"]
[EventType "swiss"]
[EventRounds "6"]
[EventCountry "CAN"]

1. d4 d5 2. c4 c6 3. Nc3 Nf6 4. Nf3 Bf5 5. cxd5 cxd5 6. Bf4 Nc6 7. e3 e6 8. Nh4
Bg6 9. Nxg6 hxg6 10. Bg5 Be7 11. Be2 Qd6 12. Bf4 Qd7 13. a3 Bd6 14. Bxd6 Qxd6
15. h3 O-O-O 16. Nb5 Qe7 17. Rc1 Kb8 18. O-O a6 19. Nc3 Ne4 20. Nxe4 dxe4 21.
Bxa6 bxa6 22. Rxc6 Kb7 23. Qa4 Ra8 24. Rfc1 Rhc8 25. Qb3+ Ka7 26. Qb6# 1-0

[Event "2014 Alberta Open"]
[Site "Calgary"]
[Date "2014.10.12"]
[Round "4.3"]
[White "Kostadinov, Georgi"]
[Black "Ng, Gary"]
[Result "0-1"]
[WhiteElo "2205"]
[BlackElo "2244"]
[PlyCount "157"]
[EventDate "2014.10.11"]
[EventType "swiss"]
[EventRounds "6"]
[EventCountry "CAN"]

1. d4 d5 2. c4 c6 3. Nf3 Nf6 4. g3 Bf5 5. Bg2 e6 6. O-O Nbd7 7. b3 h6 8. Bb2
Be7 9. Nc3 Ne4 10. Nd2 Nxc3 11. Bxc3 Nf6 12. f3 O-O 13. e4 Bg6 14. Qe2 Rc8 15.
Rad1 Qb6 16. Qf2 Rfd8 17. Rfe1 Bb4 18. Bb2 dxe4 19. c5 Qa5 20. a3 Bxd2 21. Rxd2
exf3 22. Bxf3 Rd7 23. b4 Qd8 24. Qe2 Nd5 25. Qd1 a5 26. Qa4 axb4 27. axb4 Ra8
28. Qb3 Qg5 29. Rf2 Bf5 30. Bc1 Qg6 31. b5 Ra1 32. bxc6 bxc6 33. Ra2 Rb1 34.
Rb2 Ra1 35. Ra2 Rxa2 36. Qxa2 Rd8 37. Qa5 Qf6 38. Re5 Rb8 39. Qa2 Rb1 40. Qa3
Bh3 41. Bg2 Bxg2 42. Kxg2 Qd8 43. Bd2 Qb8 44. Re2 Qb2 45. Qxb2 Rxb2 46. Kf2 h5
47. h3 Kh7 48. Be1 Rxe2+ 49. Kxe2 Kg6 50. Kf3 Kf6 51. Ke4 Ne7 52. Bc3 Nd5 53.
Ba5 Ke7 54. Bd2 f6 55. g4 hxg4 56. hxg4 g5 57. Be1 Kd7 58. Bd2 Ne7 59. Be1 Ng8
60. Bd2 Nh6 61. Kf3 Ke7 62. Be3 Kf7 63. Bg1 Kg6 64. Be3 f5 65. gxf5+ Kxf5 66.
Bf2 Ng4 67. Bg3 Nf6 68. Bh2 Ne4 69. Be5 Nc3 70. Bd6 g4+ 71. Ke3 Nd5+ 72. Kf2
Ke4 73. Be5 Ne3 74. Kg3 Nf5+ 75. Kxg4 Nxd4 76. Bd6 e5 77. Kg5 Kd5 78. Be7 Ne6+
79. Kf5 0-1

[Event "2014 Alberta Open"]
[Site "Calgary"]
[Date "2014.10.12"]
[Round "4.4"]
[White "Rekhson, Vladislav"]
[Black "Shi, Diwen"]
[Result "0-1"]
[WhiteElo "2252"]
[BlackElo "2208"]
[PlyCount "116"]
[EventDate "2014.10.11"]
[EventType "swiss"]
[EventRounds "6"]
[EventCountry "CAN"]

1. c4 Nc6 2. d4 Nf6 3. Nf3 e6 4. a3 g6 5. Nc3 Bg7 6. Bg5 d6 7. e4 O-O 8. Be2 h6
9. Bh4 a6 10. h3 Re8 11. O-O e5 12. d5 Nd4 13. Re1 Nxe2+ 14. Rxe2 g5 15. Bg3
Nh5 16. Rc1 Qf6 17. Rec2 Qg6 18. c5 f5 19. exf5 Bxf5 20. Rd2 e4 21. Ne1 g4 22.
cxd6 cxd6 23. Bxd6 gxh3 24. Bh2 e3 25. fxe3 Rxe3 26. d6 Bd4 27. Kh1 Ng3+ 28.
Bxg3 Qxg3 29. Nf3 Rae8 30. Nd5 Rxf3 31. Ne7+ Kf8 32. gxf3 Bf2 33. Rxf2 Qxf2 34.
Qf1 Qxf1+ 35. Rxf1 Be6 36. Re1 Kf7 37. f4 Rd8 38. f5 Rxd6 39. fxe6+ Kxe7 40.
Re2 Rxe6 41. Rc2 Rc6 42. Re2+ Re6 43. Rc2 Kd7 44. Rd2+ Kc6 45. Kh2 Re3 46. Rf2
Kd5 47. Rc2 Kd4 48. Rd2+ Kc4 49. Rc2+ Kd3 50. Rc3+ Kd2 51. Rc7 Rb3 52. Rh7 Kc2
53. Rxh6 Kxb2 54. a4 a5 55. Rh4 Ka3 56. Rg4 Rb4 57. Rg3+ Kxa4 58. Rxh3 Rg4 0-1

[Event "2014 Alberta Open"]
[Site "Calgary"]
[Date "2014.10.12"]
[Round "4.6"]
[White "Karmali, Hafiz"]
[Black "Booker, Brad"]
[Result "0-1"]
[WhiteElo "2031"]
[BlackElo "2234"]
[PlyCount "80"]
[EventDate "2014.10.11"]
[EventType "swiss"]
[EventRounds "6"]
[EventCountry "CAN"]

1. d4 Nf6 2. c4 g6 3. Nc3 Bg7 4. e4 d6 5. f4 O-O 6. Nf3 c5 7. d5 e6 8. Be2 exd5
9. exd5 Re8 10. O-O Bg4 11. Bd3 Nbd7 12. h3 Bxf3 13. Qxf3 a6 14. a4 Rb8 15. Bd2
Qb6 16. a5 Qc7 17. Na4 Re7 18. Rae1 Rbe8 19. Rxe7 Rxe7 20. Re1 Rxe1+ 21. Bxe1
Ne8 22. Qe2 Kf8 23. g4 Bd4+ 24. Kg2 Nef6 25. Bd2 Qd8 26. f5 Ne5 27. g5 Nh5 28.
f6 h6 29. h4 hxg5 30. hxg5 Nxd3 31. Qxd3 Qd7 32. Nc3 Qg4+ 33. Kf1 Qg1+ 34. Ke2
Ng3+ 35. Kf3 Qf2+ 36. Kg4 Nf1 37. Bf4 Qg2+ 38. Bg3 Nh2+ 39. Kh4 Nf3+ 40. Kg4
Ne5+ 0-1

[Event "2014 Alberta Open"]
[Site "Calgary"]
[Date "2014.10.12"]
[Round "4.8"]
[White "Pechenkin, Vladimir"]
[Black "Zeggelaar, Mike"]
[Result "1-0"]
[WhiteElo "2388"]
[BlackElo "2008"]
[PlyCount "35"]
[EventDate "2014.10.11"]
[EventType "swiss"]
[EventRounds "6"]
[EventCountry "CAN"]

1. c4 Nf6 2. g3 c5 3. Bg2 Nc6 4. Nc3 e6 5. Nf3 Be7 6. O-O O-O 7. d4 cxd4 8.
Nxd4 a6 9. b3 Qc7 10. Bb2 Nxd4 11. Qxd4 Qc5 12. Qxc5 Bxc5 13. Na4 d6 14. Nxc5
dxc5 15. Rfd1 Ra7 16. Rd6 b5 17. Rad1 Ne8 18. Rd8 1-0

[Event "2014 Alberta Open"]
[Site "Calgary"]
[Date "2014.10.12"]
[Round "4.9"]
[White "Razzaq, Ali"]
[Black "Cheng, Louis"]
[Result "1/2-1/2"]
[WhiteElo "1969"]
[BlackElo "2151"]
[PlyCount "124"]
[EventDate "2014.10.11"]
[EventType "swiss"]
[EventRounds "6"]
[EventCountry "CAN"]

1. d4 Nf6 2. Bf4 b6 3. Nf3 Bb7 4. e3 e6 5. Be2 h6 6. h3 c5 7. c3 Be7 8. Nbd2
O-O 9. O-O d6 10. Qb3 Ne4 11. Nxe4 Bxe4 12. dxc5 bxc5 13. Nd2 Bd5 14. Qc2 f5
15. Bc4 Bxc4 16. Nxc4 e5 17. Bh2 Qd7 18. Rad1 Qc6 19. Qd3 Rf6 20. Na5 Qe4 21.
f3 Qxd3 22. Rxd3 Na6 23. Bg3 Rg6 24. Kh2 Rc8 25. Nc4 Nc7 26. Rfd1 Ne8 27. f4 e4
28. Rd5 Re6 29. Rxf5 Nf6 30. Bh4 g6 31. Nxd6 Rd8 32. Re5 Rxe5 33. fxe5 Bxd6 34.
Rxd6 Rxd6 35. exd6 g5 36. Be1 c4 37. b3 Kf7 38. Bg3 Nd5 39. bxc4 Nxe3 40. Bf2
Nxc4 41. Bxa7 Nxd6 42. Kg1 Ke6 43. Kf2 Kd5 44. Bd4 h5 45. g4 hxg4 46. hxg4 Nf7
47. a4 Kc4 48. Ke3 Nh6 49. Kxe4 Nxg4 50. Kf5 Nh2 51. a5 Kb5 52. Bb6 Nf3 53. c4+
Ka6 54. c5 Nd4+ 55. Ke4 Nc6 56. Kd5 Nb4+ 57. Ke6 g4 58. Kd6 g3 59. c6 Nxc6 60.
Kxc6 g2 61. Kd5 g1=Q 62. Bxg1 Kxa5 1/2-1/2

[Event "2014 Alberta Open"]
[Site "Calgary"]
[Date "2014.10.12"]
[Round "4.10"]
[White "Tran-Ly, Tristan"]
[Black "Allan, Philip"]
[Result "1/2-1/2"]
[WhiteElo "2128"]
[BlackElo "1871"]
[PlyCount "99"]
[EventDate "2014.10.11"]
[EventType "swiss"]
[EventRounds "6"]
[EventCountry "CAN"]

1. e4 Nf6 2. e5 Nd5 3. c4 Nb6 4. c5 Nd5 5. Bc4 e6 6. Nc3 Qh4 7. Nxd5 exd5 8.
Bxd5 Bxc5 9. Qe2 Nc6 10. Nf3 Qe7 11. O-O O-O 12. Bxc6 dxc6 13. d4 Bb6 14. h3
Be6 15. Bg5 Qd7 16. Be3 Rae8 17. b3 f5 18. Rad1 h6 19. Qd3 Qf7 20. Bc1 Rd8 21.
Bb2 Rd7 22. Qe2 Rfd8 23. Rd3 c5 24. Nd2 cxd4 25. Rc1 Ba5 26. Nc4 Bb4 27. f4 Be7
28. Qf2 c5 29. a4 b6 30. Qe2 Bxc4 31. Rxc4 Qe6 32. Qc2 a6 33. Qc1 Qc6 34. Rdxd4
Rxd4 35. Rxd4 Rxd4 36. Bxd4 Qd5 37. Bf2 Qxb3 38. a5 Kf8 39. axb6 Qxb6 40. Qc2
g6 41. Qd1 Qc6 42. Qb1 Qb5 43. Qc2 c4 44. Be1 Qb3 45. Qd2 Bc5+ 46. Kh2 Qd3 47.
Qa5 Qd4 48. Bd2 Qg1+ 49. Kg3 Qd4 50. Qxa6 1/2-1/2

[Event "2014 Alberta Open"]
[Site "Calgary"]
[Date "2014.10.12"]
[Round "4.11"]
[White "Lee, Nicholas"]
[Black "Bentley, Bill"]
[Result "1/2-1/2"]
[WhiteElo "1751"]
[BlackElo "1931"]
[PlyCount "105"]
[EventDate "2014.10.11"]
[EventType "swiss"]
[EventRounds "6"]
[EventCountry "CAN"]

1. e4 e6 2. d4 d5 3. Nd2 Nf6 4. e5 Nfd7 5. f4 c5 6. c3 Nc6 7. Ndf3 Qb6 8. Ne2
cxd4 9. cxd4 Be7 10. g3 O-O 11. Bh3 f6 12. Bxe6+ Kh8 13. Bxd5 fxe5 14. fxe5
Ncxe5 15. dxe5 Nxe5 16. Bf4 Bb4+ 17. Nc3 Ng4 18. Qd2 Re8+ 19. Kf1 Bxc3 20. bxc3
Nf6 21. Ng5 h6 22. Nf7+ Kh7 23. Re1 Nxd5 24. Qd3+ g6 25. Kg2 Nxf4+ 26. gxf4 Bf5
27. Qd2 Be4+ 28. Rxe4 Rxe4 29. Re1 Qe6 30. Ne5 Rxe1 31. Qxe1 Qxa2+ 32. Kg3 Qd5
33. Qb1 Rg8 34. c4 Qd4 35. Qxb7+ Rg7 36. Qc6 g5 37. Ng4 Qxf4+ 38. Kh3 Qf1+ 39.
Kg3 Qe1+ 40. Kg2 Qe2+ 41. Kg3 Qd3+ 42. Kf2 Rf7+ 43. Kg2 Qg6 44. Qd5 Rf4 45.
Qb7+ Qf7 46. Qb1+ Kg7 47. Qb2+ Kh7 48. Qb1+ Qg6 49. Qb7+ Rf7 50. Qd5 Qc2+ 51.
Kg3 Qc3+ 52. Kg2 Qb2+ 53. Kh3 1/2-1/2

[Event "2014 Alberta Open"]
[Site "Calgary"]
[Date "2014.10.12"]
[Round "4.12"]
[White "Milne, Arthur"]
[Black "Kobalenko, Jerry"]
[Result "0-1"]
[WhiteElo "1724"]
[BlackElo "1966"]
[PlyCount "54"]
[EventDate "2014.10.11"]
[EventType "swiss"]
[EventRounds "6"]
[EventCountry "CAN"]

1. e4 c5 2. Nc3 e6 3. f4 Nc6 4. Nf3 g6 5. Bb5 Nd4 6. O-O a6 7. Be2 d6 8. d3 Bg7
9. Kh1 h5 10. Be3 Qc7 11. a4 Ne7 12. Qd2 Rb8 13. Nd1 b5 14. axb5 axb5 15. Rb1
b4 16. Nf2 O-O 17. c3 bxc3 18. bxc3 Nxe2 19. Qxe2 Bxc3 20. Rbc1 Qa5 21. Rc2 Ba6
22. Rfc1 Bg7 23. e5 c4 24. exd6 cxd3 25. Nxd3 Nd5 26. Nfe5 Bxe5 27. fxe5 Qa3
0-1

[Event "2014 Alberta Open"]
[Site "Calgary"]
[Date "2014.10.12"]
[Round "4.18"]
[White "Stacey, George"]
[Black "Wilson, Robert"]
[Result "0-1"]
[WhiteElo "1052"]
[BlackElo "1480"]
[PlyCount "134"]
[EventDate "2014.10.11"]
[EventType "swiss"]
[EventRounds "6"]
[EventCountry "CAN"]

1. d4 f5 2. Bf4 Nf6 3. e3 e6 4. Nd2 Be7 5. h3 b6 6. Ngf3 Ba6 7. Bxa6 Nxa6 8. c3
Qc8 9. Ne5 Qb7 10. O-O Rf8 11. Re1 O-O-O 12. f3 d6 13. Qb3 dxe5 14. Qxe6+ Kb8
15. Bxe5 Bd6 16. Bxd6 Rxd6 17. Qxf5 Nd7 18. Qxh7 c5 19. Ne4 Rh6 20. Qxg7 Rhh8
21. Qg3+ Ka8 22. Rad1 Rhg8 23. Qh2 Rxf3 24. d5 Nf8 25. Kh1 Rf5 26. Rf1 Qh7 27.
Rxf5 Qxf5 28. Qf4 Qxf4 29. exf4 Nd7 30. g3 c4 31. Kh2 Nac5 32. Nd6 Nd3 33. Nxc4
N3c5 34. Re1 Nf6 35. Nd6 Rd8 36. Nb5 a6 37. Nc7+ Kb7 38. Re7 Rd7 39. Rxd7 Ncxd7
40. d6 a5 41. Nb5 Kc6 42. Nd4+ Kxd6 43. a4 Kd5 44. Kg2 Nc5 45. Kf3 Nxa4 46. f5
Nxb2 47. g4 a4 48. Ke3 Nc4+ 49. Kd3 Ne5+ 50. Ke3 a3 51. Nb3 Kc4 52. Nc1 Nexg4+
53. hxg4 Nxg4+ 54. Ke4 Kxc3 55. Na2+ Kb2 56. Nb4 Kb3 57. Nd3 a2 58. Nc1+ Kb2
59. Nxa2 Kxa2 60. Kd4 Kb3 61. Kd5 b5 62. Kc5 b4 63. Kb5 Nf6 64. Kc5 Kc3 65. Kb5
b3 66. Ka4 b2 67. Ka3 b1=Q 0-1

[Event "2014 Alberta Open"]
[Site "Calgary"]
[Date "2014.10.13"]
[Round "5.2"]
[White "Sasata, Robert"]
[Black "Gardner, Robert"]
[Result "1-0"]
[WhiteElo "2378"]
[BlackElo "2244"]
[PlyCount "55"]
[EventDate "2014.10.11"]
[EventType "swiss"]
[EventRounds "6"]
[EventCountry "CAN"]

1. d4 Nf6 2. c4 e6 3. Nc3 Bb4 4. Qc2 c5 5. dxc5 Bxc5 6. Nf3 O-O 7. Bg5 Nc6 8.
e3 Be7 9. Be2 a6 10. O-O Qc7 11. Rfd1 d6 12. Rac1 Rd8 13. a3 b6 14. Nd5 Qb7 15.
Nxe7+ Qxe7 16. b4 Bb7 17. Qb2 h6 18. Bh4 g5 19. Bg3 Ne4 20. Nd2 Nxg3 21. hxg3
Ne5 22. c5 bxc5 23. bxc5 f6 24. f4 Nc6 25. Ne4 dxc5 26. Nxf6+ Kf8 27. Nd7+ Kg8
28. Qxb7 1-0

[Event "2014 Alberta Open"]
[Site "Calgary"]
[Date "2014.10.13"]
[Round "5.3"]
[White "Shi, Diwen"]
[Black "Sequillion, Aaron"]
[Result "1-0"]
[WhiteElo "2208"]
[BlackElo "2142"]
[PlyCount "71"]
[EventDate "2014.10.11"]
[EventType "swiss"]
[EventRounds "6"]
[EventCountry "CAN"]

1. e4 c5 2. Nc3 a6 3. g3 b5 4. Nge2 e6 5. d4 cxd4 6. Nxd4 Bb7 7. Bg2 Nf6 8. O-O
d6 9. a3 Qc7 10. Re1 Nbd7 11. a4 b4 12. Nd5 exd5 13. exd5+ Ne5 14. f4 O-O-O 15.
c3 Nc4 16. cxb4 Bxd5 17. Bxd5 Nxd5 18. b3 Nxb4 19. bxc4 d5 20. cxd5 Bc5 21. Be3
Rhe8 22. Rc1 Rxd5 23. Qf3 Rxd4 24. Rxc5 Qxc5 25. Qa8+ Kc7 26. Qxe8 Qd5 27. Bxd4
Qxd4+ 28. Kg2 Qd5+ 29. Qe4 Qa2+ 30. Kh3 Qxa4 31. Rc1+ Kb6 32. Qd4+ Kb7 33. Qe4+
Kb6 34. Qe3+ Kb7 35. Qe7+ Kb6 36. Qc7+ 1-0

[Event "2014 Alberta Open"]
[Site "Calgary"]
[Date "2014.10.13"]
[Round "5.4"]
[White "Booker, Brad"]
[Black "Robichaud, Martin"]
[Result "0-1"]
[WhiteElo "2234"]
[BlackElo "2193"]
[PlyCount "74"]
[EventDate "2014.10.11"]
[EventType "swiss"]
[EventRounds "6"]
[EventCountry "CAN"]

1. e4 e6 2. d3 d5 3. Nd2 c5 4. g3 Nf6 5. Bg2 Be7 6. Ngf3 Nc6 7. O-O O-O 8. Re1
b6 9. e5 Nd7 10. Nf1 h6 11. h4 f5 12. exf6 Bxf6 13. N1h2 Nde5 14. Nxe5 Nxe5 15.
f4 Nc6 16. Ng4 Nd4 17. Nxf6+ Qxf6 18. Kh2 Bd7 19. c3 Nf5 20. Re5 Rae8 21. Qg4
Re7 22. Bd2 Rfe8 23. Qe2 Nd6 24. Qf2 Nf5 25. Re2 Bb5 26. Qf3 Bc6 27. Rae1 Bb7
28. d4 Bc6 29. Re3 Bb7 30. Bh3 Nd6 31. R3e2 Ne4 32. Be3 Ba6 33. Rg2 Bd3 34. f5
c4 35. Qh5 exf5 36. Bxf5 Nxg3 37. Rxg3 Bxf5 0-1

[Event "2014 Alberta Open"]
[Site "Calgary"]
[Date "2014.10.13"]
[Round "5.5"]
[White "Pechenkin, Vladimir"]
[Black "Kostadinov, Georgi"]
[Result "1-0"]
[WhiteElo "2388"]
[BlackElo "2205"]
[PlyCount "95"]
[EventDate "2014.10.11"]
[EventType "swiss"]
[EventRounds "6"]
[EventCountry "CAN"]

1. c4 c6 2. g3 Nf6 3. Bg2 d5 4. Nf3 g6 5. b3 Bg7 6. Bb2 Qb6 7. Qc2 Bf5 8. d3
Na6 9. Nbd2 Rd8 10. O-O O-O 11. a3 Bg4 12. b4 Rc8 13. Rab1 Rfd8 14. h3 Bxf3 15.
Nxf3 Nd7 16. d4 Nf6 17. Ne5 Nb8 18. Rfc1 e6 19. e3 Nbd7 20. Nd3 Ne4 21. Bxe4
dxe4 22. Nc5 Nxc5 23. bxc5 Qa5 24. Bc3 Qa6 25. Qxe4 Qxc4 26. Ba5 Qd5 27. Qxd5
Rxd5 28. Rxb7 e5 29. dxe5 Bxe5 30. Rxa7 Bb2 31. Rc2 Bxa3 32. Bb6 Rd1+ 33. Kg2
Rc1 34. Rxc1 Bxc1 35. Ra2 Re8 36. Kf3 Re5 37. Ke2 Rd5 38. Ra8+ Kg7 39. Rc8 Rd2+
40. Kf1 Kf6 41. Rxc6+ Ke5 42. Rc7 f5 43. Rxh7 Rc2 44. Re7+ Kf6 45. Bd8 Rd2 46.
Rd7+ Ke6 47. Rxd2 Bxd2 48. c6 1-0